000 01026nam a2200277 i 4500
001 16113
003 UkOxU
005 20211208235945.0
008 140211s1976 enkaf b 001 0 eng d
020 _a0571104606
035 _aOCLC ocm02415323 from D951024M
_a(BD-RjUL)16168
040 _aDLC
_cDLC
_dBD-RjUL
_beng
041 _aeng
082 _a720.961
_bHII 1976
100 1 _aHill, Derek.
_949876
245 1 0 _aIslamic architecture in North Africa :
_ba photographic survey /
_cby Derek Hill ; with notes on the monuments and a concluding essay by Lucien Golvin ; and an introduction by Robert Hillenbrand.
260 _aLondon :
_bFaber and Faber,
_c1976.
300 _a167 p., [136] leaves of plates :
_bill. (some col.) ;
_c26 cm.
504 _aIncludes bibliographical references and index.
650 0 _aIslamic architecture
_zAfrica, North.
_949877
650 0 _aArchitecture
_zAfrica, North.
_949878
700 1 _aGolvin, Lucien.
_949879
942 _2ddc
_cBK
999 _c16113
_d16113